Decision Support Systems For Operations Management And Management Science (Record no. 1318)

MARC details
000 -LEADER
fixed length control field 00932nam a2200169 4500
020 ## - INTERNATIONAL STANDARD BOOK NUMBER
ISBN 9780256115598
050 ## - CALL NUMBER
Classification number T56.24
Item number .L67
100 ## - AUTHOR
Personal name Lofti, Vahid
245 ## - TITLE
Title Decision Support Systems For Operations Management And Management Science
250 ## - EDITION
Edition statement 3rd ed.
260 ## - PUBLICATION INFORMATION
Place of publication Boston,:
Name of publisher McGraw-Hill/Irwin;
Year of publication 1997.
300 ## - DESCRIPTION
Number of Pages xiii,480 p.
Other physical details ill;,
Dimensions 27 cm.
500 ## - NOTES
General note Includes indexes.
505 ## - FORMATTED CONTENTS NOTE
Table of Content Installation and overview, Starting DSSOMS,Decision Analysis with Tables,Decision Analysis with Trees, Time Series Forecasting,Multiple Regression, Location Analysis,Layout Analysis, Line Balancing, Linear Programming, General Integer Programming,Assignment Method, Production Planning, quality Assurance, Inventory Analysis 1, Inventory Analysis 11, Materials requirement Planning, Job Shop Scheduling, Project Management, Queuing Analysis, Markov Analysis, Network Flow Models.
700 ## - OTHER AUTHORS
Personal name Pegels, Carl C.
942 ## - ADDED ENTRY ELEMENTS (KOHA)
Koha item type Books
Holdings
Withdrawn status Lost status Home library Current library Shelving location Date acquired Full call number Accession Number Koha item type
    Methodist University Library Tema Methodist University Library Tema General Stacks 06/12/2017 T56.24 .L67 10914 Books
    Methodist University Library Tema Methodist University Library Tema General Stacks 06/12/2017 T56.24 .L67 10915 Books
Copyright © 2026  MUG Library